"Managing the Construction Process Estimating, Scheduling and Project Control" (Record no. 195205)

MARC details
000 -LEADER
fixed length control field 00524nam a2200193Ia 4500
008 - FIXED-LENGTH DATA ELEMENTS--GENERAL INFORMATION
fixed length control field 240823s9999||||xx |||||||||||||| ||und||
020 ## - INTERNATIONAL STANDARD BOOK NUMBER
International Standard Book Number 978-81-317-6680-4
082 ## - DEWEY DECIMAL CLASSIFICATION NUMBER
-- 624.068 Q2
100 ## - MAIN ENTRY--PERSONAL NAME
Personal name Frederick E Gould
245 #0 - TITLE STATEMENT
Title "Managing the Construction Process Estimating, Scheduling and Project Control"
250 ## - EDITION STATEMENT
Edition statement 4th
260 ## - PUBLICATION, DISTRIBUTION, ETC. (IMPRINT)
Date of publication, distribution, etc 2012
Name of publisher, distributor, etc Pearson Education Internat
500 ## - GENERAL NOTE
General note TRANSFERED
650 ## - SUBJECT ADDED ENTRY--TOPICAL TERM
Topical term or geographic name as entry element Construction
942 ## - ADDED ENTRY ELEMENTS (KOHA)
Item type Books
Holdings
Withdrawn status Lost status Damaged status Permanent location Current location Shelving location Date acquired Source of acquisition Cost, normal purchase price Full call number Barcode Date last seen Koha item type
      CENTRAL LIBRARY, NOORUL ISLAM CENTRE FOR HIGHER EDUCATION CENTRAL LIBRARY, NOORUL ISLAM CENTRE FOR HIGHER EDUCATION   04/02/2013 Higginbothams Private Ltd 350.00 624.068 Q2 46948 08/23/2024 Books
Visitors:
Copyright © 2024 Central Library NICHE.  All rights reserved.